LEADER 00995cam0-2200349---450- 001 990004964920403321 005 20090504163817.0 035 $a000496492 035 $aFED01000496492 035 $a(Aleph)000496492FED01 035 $a000496492 100 $a19990604d1981----km-y0itay50------ba 101 1 $aita 102 $aIT 105 $af-------001cb 200 1 $aFederico 2. di Svevia$fEberhard Horst$gtraduzione di Giovanna Solari 210 $aMilano$cRizzoli$d1981 215 $a406 p., [8] c. di tav.$cill.$d23 cm 454 0$aFriedrich der Staufer 517 1 $aFederico secondo di Svevia 610 0 $aFederico $aBiografie 676 $a943.025092 676 $a923 700 1$aHorst,$bEberhard$0187388 702 1$aSolari,$bGiovanna 801 0$aIT$bUNINA$gRICA$2UNIMARC 901 $aBK 912 $a990004964920403321 952 $a923 FED 1$bFil. Mod. 33217$fFLFBC 959 $aFLFBC 996 $aFriedrich der Staufer$925667 997 $aUNINA LEADER 02121nas--2200373---450 001 990006015620203316 005 20240311141432.0 011 $a1974-3327 017 70$a02334818$2P 035 $a000601562 035 $aUSA01000601562 035 $a(ALEPH)000601562USA01 035 $a000601562 100 $a20150311a20039999km-y0ITAy0103----ba 101 $aita 102 $aIT 110 $aajazz--|||| 200 1 $a<> progetto sostenibile$ericerca e tecnologie per l'ambiente costruito 207 1$aA. 1, n. 1 (ott. 2003)- 210 $aMonfalcone$cEdicom$d2003- 215 $aVolumi$cill.$d30 cm 326 $aSemestrale 330 $aIl Progetto Sostenibile è la rivista dedicata alla cultura dello sviluppo sostenibile nel campo della tecnologia, della produzione edilizia ed in generale dell?ambiente costruito. La rivista intende da un lato riannodare i fili della cultura ecologica con quelli dei contributi specifici dell?architettura e dell?edilizia sostenibile, dall?altro contribuire a dare una risposta a cosa voglia dire in concreto progettare, produrre, utilizzare organismi edilizi in modo sostenibile. Apre ogni numero il Focus, sezione di approfondimento in cui vengono ospitati contributi ed interventi provenienti dal mondo accademico e della ricerca, che sviluppano sotto il profilo scientifico e tecnologico le caratteristiche essenziali del tema scelto per ogni numero.Segue la sezione Studi e Ricerche che documenta con brevi note le ricerche scientifiche di maggior interesse attualmente in corso a livello nazionale ed internazionale, in tutti i settori disciplinari di interesse della progettazione sostenibile. 606 0 $aProgettazione architettonica$xPeriodici$2BNCF 676 $a721.05 801 0$aIT$bsalbc$gISBD 856 4 $uhttp://www.edicomedizioni.com/custom/sez_cms.php?menu_id=204062$4.$zSommari 912 $a990006015620203316 958 $aTEC$bFondo$c2015-2017; 959 $aSE 979 $aVITTORIANA$b90$c20150311$lUSA01$h1010 979 $aVITTORIANA$b90$c20150311$lUSA01$h1010 996 $aProgetto sostenibile$91077205 997 $aUNISA